000 01170nam a2200205Ii 4500
003 JO-AjNU
008 230605s9999||||xx |||||||||||||| ||und||
017 _a2021/7/4092
040 _aJO-AjNU
_bara
_erda
_cJO-AjNU
041 _aara
050 1 4 _aDS154.53.W37 1995
100 3 _aعبدالله بن الحسين بن علي، ملك الأردن، 1926 - 1951؛ اشراف البخيت، محمد عدنان، جمع وإعداد محمد عدنان البخيت، جمع وإعداد هند غسان أبو الشعر، متابعة وتنسيق باسل غازي لبجغامين,
_eauthor
_962323
245 0 0 _aالوثائق الهاشمية: أوراق عبدالله بن الحسين : دائرة الاراضي والمساحة(1926-1951م)، المجلد 32 القسم الاول
264 3 1 _aعمان: مؤتمر بلاد الشام، 2021
300 _aمج32، القسم الاول: 350ص
336 _atext
_btxt
_2rdacontent
337 _aunmediated
_bn
_2rdamedia
338 _avolume
_bnc
_2rdacarrier
650 4 _aالاردن - تاريخ - الملك عبدالله بن الحسين الاول - الاراضي والساحة 1926-1951
_962324
999 _aA28216
_c31784
_d31784